|
|
|
|
| LEADER |
00722nta a2200193 i 4500 |
| 001 |
dipl86387 |
| 005 |
20200520094608.0 |
| 008 |
200520s2018 hu om 0|| hun d |
| 040 |
|
|
|a SZTE Diploma Repozitórium
|b hun
|
| 041 |
|
|
|a hun
|
| 100 |
1 |
|
|a Tóbiás Katinka
|
| 245 |
1 |
0 |
|a Vízparti fejlesztések Budapesten és Prágában
|h [elektronikus dokumentum] /
|c Katinka Tóbiás
|
| 246 |
1 |
0 |
|a Waterfront development in Budapest and Prague
|h [elektronikus dokumentum]
|
| 260 |
|
|
|c 2018
|
| 650 |
|
4 |
|a Természettudományok
|
| 650 |
|
4 |
|a Civil engineering
|
| 650 |
|
4 |
|a Waterworks and coastal engineering
|
| 700 |
1 |
|
|a Boros Lajos
|e ths
|
| 856 |
4 |
0 |
|u http://diploma.bibl.u-szeged.hu/id/eprint/86387/2/2019_tobias_katinka.pdf
|z Dokumentum-elérés
|